00882 a2200181 45000010006000000050017000060080041000230030015000640400040000790800031001192450028001500200018001782640038001963000019002345050331002531000017005848560099006014747620260407155741.0260407a1983 arg spa dAR-UNSa-BCEJYS aAR-UNSa-BCEJYSbspacAR-UNSa-BCEJYS a330xEconomía en general10aLa economía que viene a84-206-0114-4 1aMadrid :bAlianza Editorialc1983 a292 p.c18 cm. a1. La decadencia de la economía de consumo - 2. La subida del petróleo - 3. Deudas y capitales - 4. La larga recesión - 5. La economía informática - 6. ¿Crecimiento o cambio? - 7. Algunas estrategias informáticas - 8. Desintermediación - 9. Siete maneras de pensar sobre su dinero - 10. La próxima economía.1 aHawken, Paul41uhttps://www.biblioeco.unsa.edu.ar/pmb/images/libros/L127516.jpgyImagen de portadaqimage/jpeg